Kharkiv Oblast Archive records
Saved in:
| Corporate Authors: | , |
|---|---|
| Format: | Book |
| Language: | Ukrainian |
| Published: |
Washington, DC :
United States Holocaust Memorial Museum Archives,
1999.
|
| Series: | Record Group List (United States Holocaust Memorial Museum Research Institute). Ukraine ;
010M. |
| Subjects: | |
| Online Access: | Electronic finding aid available |
| Tags: |
Add Tag
No Tags, Be the first to tag this record!
|
| LEADER | 01427nam a22002775a 4500 | ||
|---|---|---|---|
| 001 | 009497462-4 | ||
| 005 | 20041110113918.0 | ||
| 008 | 041109s1999 dcu a |000|0|ukr|d | ||
| 035 | 0 | |a ocm58414849 | |
| 245 | 1 | 0 | |a Kharkiv Oblast Archive records |h [microform] |
| 260 | |a Washington, DC : |b United States Holocaust Memorial Museum Archives, |c 1999. | ||
| 300 | |a 21 microfilm reels ; |c 16 mm + |e guide (19 p. ; 28 cm.) | ||
| 490 | 1 | |a Record Group List (United States Holocaust Memorial Museum Research Institute). RG-31 Ukraine ; |v 010M | |
| 546 | |a Ukrainian, Russian and German. | ||
| 555 | 0 | |a Electronic finding aid available |u http://www1.ushmm.org/research/collections/ | |
| 650 | 0 | |a Holocaust, Jewish (1939-1945) |z Ukraine |z Kharkiv |v Sources. | |
| 650 | 0 | |a Holocaust, Jewish (1939-1945) |z Ukraine |z Kharkivsʹka oblastʹ |v Sources. | |
| 650 | 0 | |a Jews |x Persecutions |z Ukraine |z Kharkiv |x History |v Sources. | |
| 650 | 0 | |a Jews |x Persecutions |z Ukraine |z Kharkivsʹka oblastʹ |x History |v Sources. | |
| 651 | 0 | |a Kharkiv (Ukraine) |x History |y German occupation, 1941-1944 |v Sources. | |
| 651 | 0 | |a Kharkivsʹka oblastʹ (Ukraine) |x History |y German occupation, 1941-1944 |x Sources. | |
| 710 | 2 | |a Derz︠h︡avnyĭ arkhiv Kharkivsʹkoï oblasti. | |
| 710 | 2 | |a United States Holocaust Memorial Museum. | |
| 830 | 0 | |a Record Group List (United States Holocaust Memorial Museum Research Institute). |n RG-31 |p Ukraine ; |v 010M. | |
| 988 | |a 20041109 | ||
| 906 | |0 MH | ||


